Name that Berry! Quiz Stats

 Plays Quiz not verified by Sporcle

Support Sporcle.
Go Orange.
Score 0/12 Timer 04:00
0 Plays Today
Picture Berry % Correct
2blueberry
97.2%
5strawberry
96.5%
12raspberry
95.8%
7blackberry
89.4%
10Halle Berry
76.8%
3cranberry
50%
4gooseberry
36.6%
6huckleberry
21.8%
9golden raspberry
20.4%
11juniper berry
14.1%
8salmonberry
12.7%
1tayberry
5.6%

You're not logged in!

Compare scores with friends on all Sporcle quizzes.
OR
Log In

From the Vault

Best Pictures By Quote (1970-1989)

by DarkPhalanx

You're gonna need a bigger quote.
Remove Ads.
Support Sporcle.
Get the best of Sporcle when you Go Orange. This ad-free experience offers more features, more stats, and more fun while also helping to support Sporcle. Thank you for becoming a member.

Show Comments

Extras

Created Mar 8, 2011ReportNominate
Tags:Berry, Image Quiz

Top Quizzes Today


Score Distribution

Your Account Isn't Verified!

In order to create a playlist on Sporcle, you need to verify the email address you used during registration. Go to your Sporcle Settings to finish the process.

Report this User

Report this user for behavior that violates our Community Guidelines.

Details: